00331nam a2200133Ia 4500008004100000020001500041041001200056082001600068100001700084245004700101260002500148300000800173650001600181221030s9999 xx 000 0 und d a812030859X aEnglish a105.23bRaj aV. Rajaraman 0aComputer Programming in Ccby V. Rajaraman bPHIaNew Delhic2001 a363 aBE Computer